000 00759nam a22001935i 4500
001 159961
003 ES-MaACL
005 20230906211909.0
008 040915s1839 be a |||| | fre d
040 _aCAM
_bspa
_cCAM
100 1 _aMonge, Gaspard.
_9130056
245 1 0 _aGéométrie descriptive /
_cpar G. Monge; suivie d'une théorie des ombres et de la perspective extraite des papiers de l'auteur par M. Brisson.
250 _a7e éd.
260 _aBruxelles :
_bSociété Belge de Librairie,
_c1839 (
_fImp. de Hauman et c\pe\s - Deltombe, Gérant)
300 _a266 p., [9] h. de lám. pleg. ;
_c19 cm.
650 4 _aGeometría descriptiva.
_9136182
700 1 1 _aBrisson, Bernabé.
_9126174
852 _aES-MaACL
_jC-3871
_z-- Enc. pasta española
999 _c159961
_d159961